000 00911nam a2200265Ia 4500
003 IN-BaIIA
008 211028s9999 xx s 000 0 eng d
020 _a978-3-642-30935-9 (Print)
020 _a978-3-642-30936-6 (Online)
022 _a2190-5053 (Print)
022 _a2190-5061 (Online)
040 _cIIA Library
100 _aMucha-Kruczynski, Marcin
_939680
245 0 _aTheory of Bilayer Graphene Spectroscopy
_h[eBook]
260 _aHeidelberg, Berlin
_bSpringer Berlin Heidelberg
_c2013
300 _aOnline resource
490 _aSpringer Theses
650 _a Nanoscale Science and Technology
650 _a Spectroscopy and Microscopy
650 _a Surface and Interface Science, Thin Films
_938399
650 _a Surfaces and Interfaces, Thin Films
_938400
650 _aPhysics
_973
856 _uhttp://doi.org/10.1007/978-3-642-30936-6
_yClick Here to Access eBook
942 _cEB
999 _c21463
_d21463